000 00786nam a2200217 i 4500
001 bgj
245 0 0 _aDistant mirrors :
_bAmerica as a foreign culture /
_c[compiled by] Philip R. DeVita, James D. Armstrong.
260 _aBelmont, Ca :
_bWadsworth Publishing Company,
_ccop. 1993.
300 _aXIX, 145 pp ;
_c24 cm.
504 _aIncludes bibliographical references.
651 9 _aUnited States
_xSocial life and customs
_xForeign public opinion
_y1971-
651 9 _aUnited States
_xPopular culture
_xForeign public opinion
700 1 _aDEVITA, Philip R.
_d(1932- ).
_eeditor
700 1 _aARMSTRONG, James D.
_d(1948).
_eeditor
020 _a0534176763
040 _cBPK
041 0 _aeng
920 _a0-534-17676-3
942 _cKS
008 s uk f |000 0 eng
999 _c47972
_d47972
856 _uhttp://koha.tu.koszalin.pl/cgi-bin/koha/opac-detail.pl?biblionumber=47972
_yKatalog online BPK